| 000 | 00639nas a2200241 4500 | ||
|---|---|---|---|
| 001 | BR5300139 | ||
| 003 | BR-BrBNA | ||
| 005 | 20231205081929.0 | ||
| 007 | ta | ||
| 008 | 230509b bl.|||p| |||| 00| 00por d | ||
| 040 |
_aBR-BrBNA _bpor _cBiblioteca Nacional de Agricultura |
||
| 041 | _a(Pt) | ||
| 072 | _aS10 | ||
| 100 | 1 | _aFabregas, H. | |
| 245 | 1 | _aO ovo da galinha como alimento | |
| 650 | _aALIMENTO ANIMAL | ||
| 650 | _aVALOR NUTRITIVO | ||
| 650 | _aOVO | ||
| 650 | _aGALINHA | ||
| 773 | 0 |
_tIntercambio (Brazil) _x _g(Feb 1953), v. 1(2) p. 34-35 _wBR5300139 |
|
| 909 |
_a202311 _bLúcia _c55 _dLúcia Elande |
||
| 942 |
_2AGRIS _n0 _cANA |
||
| 999 |
_c87908 _d87908 |
||